Statistics for Big 12 Conference Team Logos Quiz

Click here to take the quiz!

General Stats

  • This quiz has been taken 177 times
  • The average score is 9 of 10

Answer Stats

Answer% Correct
Iowa State
100%
Texas Tech
100%
Texas
97%
Baylor
97%
Kansas
90%
TCU
87%
Oklahoma
87%
Oklahoma State
87%
West Virginia
84%
Kansas State
81%

Score Distribution

Percentile by Number Answered

Percent of People with Each Score

Your Score History

You have not taken this quiz